01262nam a22003374a 4500001001200000003000800012006001900020007001500039008004100054010001700095020003500112040002100147035002100168043001200189050002400201082001600225100002300241245012000264260003800384300002500422500001400447504004100461533015200502650004200654655002900696700001800725700002100743710001700764856012600781999001700907ebr10225484CaPaEBRm u cr cn|||||||||060407s2007 caua sb 000 0 eng  z 2006011784 z083303913X (pbk. : alk. paper) aCaPaEBRcCaPaEBR a(OCoLC)183659741 an-us---14aHV6432b.L53 2007eb04a363.3252221 aLibicki, Martin C.10aExploring terrorist targeting preferencesh[electronic resource] /cMartin C. Libicki, Peter Chalk, Melanie Sisson. aSanta Monica, CA :bRAND,cc2007. axxii, 107 p. :bill. a"MG-483." aIncludes bibliographical references. aElectronic reproduction.bPalo Alto, Calif. :cebrary,d2013.nAvailable via World Wide Web.nAccess may be limited to ebrary affiliated libraries. 0aTerrorismzUnited StatesxPrevention. 7aElectronic books.2local1 aChalk, Peter.1 aSisson, Melanie.2 aebrary, Inc.40uhttp://site.ebrary.com/lib/rucke/Doc?id=10225484zAn electronic book accessible through the World Wide Web; click to view c40793d40793